Kristian Birkeland (Record no. 16239)
[ view plain ]
| 000 -LEADER | |
|---|---|
| fixed length control field | 00716nam a2200217Ia 4500 |
| 003 - CONTROL NUMBER IDENTIFIER | |
| control field | IN-BaIIA |
| 008 - FIXED-LENGTH DATA ELEMENTS--GENERAL INFORMATION | |
| fixed length control field | 211028s9999 xx 000 0 eng d |
| 020 ## - INTERNATIONAL STANDARD BOOK NUMBER | |
| International Standard Book Number | 1-4020-3293-5 |
| 040 ## - CATALOGING SOURCE | |
| Transcribing agency | IIA Library |
| 080 ## - UNIVERSAL DECIMAL CLASSIFICATION NUMBER | |
| Universal Decimal Classification number | 52(082.1) |
| Item number | ASS-325 |
| 245 #0 - TITLE STATEMENT | |
| Title | Kristian Birkeland |
| Remainder of title | the first space scientist |
| Statement of responsibility, etc. | edited by Alv Egeland and W. J. Burke |
| 260 ## - PUBLICATION, DISTRIBUTION, ETC. | |
| Place of publication, distribution, etc. | Dordrecht |
| Name of publisher, distributor, etc. | Springer |
| Date of publication, distribution, etc. | 2005 |
| 300 ## - PHYSICAL DESCRIPTION | |
| Extent | ix, 221p. |
| 490 ## - SERIES STATEMENT | |
| Series statement | Astrophysics and space science library; v. 325 |
| 650 ## - SUBJECT ADDED ENTRY--TOPICAL TERM | |
| Topical term or geographic name entry element | Scientific biography |
| 9 (RLIN) | 30039 |
| 650 ## - SUBJECT ADDED ENTRY--TOPICAL TERM | |
| Topical term or geographic name entry element | Solar system |
| 650 ## - SUBJECT ADDED ENTRY--TOPICAL TERM | |
| Topical term or geographic name entry element | Space scientist |
| 9 (RLIN) | 30040 |
| 700 ## - ADDED ENTRY--PERSONAL NAME | |
| Personal name | Burke, W. J., ed. |
| 9 (RLIN) | 30041 |
| 700 ## - ADDED ENTRY--PERSONAL NAME | |
| Personal name | Egeland, Alv, ed. |
| 9 (RLIN) | 30042 |
| 942 ## - ADDED ENTRY ELEMENTS (KOHA) | |
| Koha item type | Books |
| Withdrawn status | Lost status | Damaged status | Not for loan | Home library | Current library | Shelving location | Date acquired | Source of acquisition | Cost, normal purchase price | Total Checkouts | Full call number | Barcode | Date last seen | Cost, replacement price | Price effective from | Koha item type | Purchase Price |
|---|---|---|---|---|---|---|---|---|---|---|---|---|---|---|---|---|---|
| IIA Library-Bangalore | IIA Library-Bangalore | General Stacks | 10/10/2006 | PBPL | 5841.99 | 52(082.1)/ ASS-325 | 17161 | 05/11/2021 | 5841.99 | 10/10/2006 | Books | Rs. 5841.99 |